Southville International School and Colleges
Your cart is empty.
  • Cart
  • Lists
    Public lists Eva Luna New books Lux_list list_1
    Your lists Log in to create your own lists
  • Log in to your account
  • Your cookies
  • Search history
Southville International School and Colleges
  • Advanced search
  • Recent comments
  • Most popular
  • Libraries

Log in to your account

Log in with GOOGLE


If you do not have an external account, but do have a local account, you can still log in:

  1. Home
  2. MARC view: This is the Philippines :
Normal view MARC view ISBD view

This is the Philippines : (Record no. 18782)

[ view plain ]
MARC details
000 -LEADER
fixed length control field 00555nam a22001937a 4500
003 - CONTROL NUMBER IDENTIFIER
control field OSt
005 - DATE AND TIME OF LATEST TRANSACTION
control field 20140310183106.0
008 - FIXED-LENGTH DATA ELEMENTS--GENERAL INFORMATION
fixed length control field 130305t xxu||||| |||| 00| 0 eng d
020 ## - INTERNATIONAL STANDARD BOOK NUMBER
International Standard Book Number 1845372468
050 ## - LIBRARY OF CONGRESS CALL NUMBER
Classification number DS 660.3
Item number .H53 2005
082 ## - DEWEY DECIMAL CLASSIFICATION NUMBER
Classification number DS 660.3
Item number H53 2005
100 ## - MAIN ENTRY--PERSONAL NAME
Personal name Hicks, Nigel.
245 ## - TITLE STATEMENT
Title This is the Philippines :
Remainder of title texts and photographs by Nigel Hicks /
Statement of responsibility, etc Nigel Hicks
260 ## - PUBLICATION, DISTRIBUTION, ETC. (IMPRINT)
Place of publication, distribution, etc London:
Name of publisher, distributor, etc New Holland,
Date of publication, distribution, etc 2005.
300 ## - PHYSICAL DESCRIPTION
Extent 176 p. :
Dimensions 28 cm.
650 ## - SUBJECT ADDED ENTRY--TOPICAL TERM
Topical term or geographic name as entry element Philippines
General subdivision Travel description.
942 ## - ADDED ENTRY ELEMENTS (KOHA)
Source of classification or shelving scheme Library of Congress Classification
Koha item type Books
Call number prefix Local
Holdings
Withdrawn status Lost status Source of classification or shelving scheme Damaged status Home library Current library Shelving location Date acquired Total Checkouts Full call number Barcode Date last seen Date checked out Copy number Price effective from Koha item type
    Library of Congress Classification   College Library College Library Filipiniana Section 03/05/2013 1 DS 660.3 .H53 2005 C7569 05/08/2018 06/18/2015 1 03/10/2014 Books

This is the Philippines :

APA

Hicks N., . (2005). This is the Philippines. London: New Holland.

Chicago

Hicks Nigel, . 2005. This is the Philippines. London: New Holland.

Harvard

Hicks N., . (2005). This is the Philippines. London: New Holland.

MLA

Hicks Nigel, . This is the Philippines. London: New Holland. 2005.

  • Place hold
  • Print
  • Cite
  • Add to your cart (remove)
  • Save record
    BIBTEX Dublin Core MARCXML MARC (non-Unicode/MARC-8) MARC (Unicode/UTF-8) MARC (Unicode/UTF-8, Standard) MODS (XML) RIS
  • More searches
    Search for this title in:
    Other Libraries (WorldCat) Other Databases (Google Scholar) Online Stores (Bookfinder.com) Open Library (openlibrary.org)

Exporting to Dublin Core...

SOUTHVILLE LIBRARY

Southville International School and Colleges Library

1281 Tropical Ave. Cor. Luxembourg St., BF Homes International, Las Pinas City

Tel. No. 8256374 / 252358 Loc. 117/146

Powered by Koha